LEADER 00763nam a2200169 i 4500 001 000000023326 003 CaOOAMICUS 005 20180830125446.0 008 180830s1968 it u000 u ita u 040 $aSeMil$bita 245 10$aTeilhard de Chardin :$bguida al pensiero scientifico e religioso /$cFerdinando Ormea. 260 $aFirenze :$bVallecchi,$ccopyr. 1968. 300 $av. ;$c21 cm. 773 0 $aRohrbacher, René-François $tHistoire universelle de l'Église catholique.$b3. éd.$dParis : Gaume frères, 1857-1861.$w()5245 774 0 $tVolume primo.$w()101875 996 $6245$aTeilhard de Chardin :$bguida al pensiero scientifico e religioso$9(OLS)http://semarc/title/31273 996 $6260$aFirenze :$bVallecchi$9(OLS)http://semarc/publisher/29768 LEADER 00888nam a2200193 i 4500 001 000000208861 003 CaOOAMICUS 005 20111129000000.0 008 111129s1950 it u000 u ita u 013 $a187649 040 $aSeMil$bita 245 10$aDall'armistizio Salasco alla fuga del Papa dallo Stato romano e alle agitazioni per la costituente italiana. 300 $aVI, 1040 p. :$bill. ;$c28 cm. 700 1 $aSpellanzon, Cesare.$0(OLS)http://semarc/name/11134 773 0 $aSpellanzon, Cesare$tStoria del Risorgimento e dell'Unità d'Italia.$dMilano : Rizzoli & C., 1936-1965.$g5$w()25913 850 $aSeMil 852 $aSeMil$W1$xVenegono$y1$m3U VI 37$j159315$B159315$CSeMilBibl$Z2$F170399 $8I 961 $aRecupero: Altro 996 $6245$aDall'armistizio Salasco alla fuga del Papa dallo Stato romano e alle agitazioni per la costituente italiana$9(OLS)http://semarc/title/301946